Do popredia ide efektivita a kvalita
Moderné nástroje finančného manažmentu v rukách miestnych samospráv. Nakladanie s verejnými financiami. Osvedčené spôsoby riadenia. Získanie obrazu o vývoji a efektívnosti riadenia vlastnej samosprávy. Zvyšovanie kvality riadenia.
Gespeichert in:
| 1. Verfasser: | |
|---|---|
| Format: | Buchkapitel |
| Sprache: | Slowakisch |
| Schlagworte: | |
| Tags: |
Keine Tags, Fügen Sie das erste Tag hinzu!
|
MARC
| LEADER | 00000naa$a2200000$$$4500 | ||
|---|---|---|---|
| 001 | 0070158 | ||
| 005 | 20231016085724.4 | ||
| 041 | 0 | |a slo | |
| 044 | |a SK | ||
| 245 | 1 | 0 | |a Do popredia ide efektivita a kvalita |c Hana Dienerová |
| 520 | |a Moderné nástroje finančného manažmentu v rukách miestnych samospráv. Nakladanie s verejnými financiami. Osvedčené spôsoby riadenia. Získanie obrazu o vývoji a efektívnosti riadenia vlastnej samosprávy. Zvyšovanie kvality riadenia. | ||
| 610 | 2 | 0 | |a manažment finančný |
| 610 | 2 | 0 | |a samospráva miestna |
| 610 | 2 | 0 | |a financie verejné |
| 610 | 2 | 0 | |a nástroje finančné |
| 610 | 2 | 0 | |a rozpočty |
| 100 | 1 | |a Dienerová, Hana | |